[Event "RUS-Cup02"]
[Site "Moscow"]
[Date "1998.??.??"]
[Round "4"]
[White "Skatchkov, Pavel"]
[Black "Bezgodov, Alexei"]
[Result "0-1"]
[WhiteElo "2415"]
[BlackElo "2520"]
[Annotator "Avrukh,B"]
[PlyCount "74"]
[EventDate "1998.01.21"]
[EventType "swiss"]
[EventRounds "9"]
[EventCountry "RUS"]
[SourceTitle "CBM 063"]
[Source "ChessBase"]
[SourceDate "1998.03.26"]
[SourceVersion "1"]
[SourceVersionDate "1998.03.26"]
[SourceQuality "1"]

1. Nf3 d5 2. d4 c5 3. e3 Nc6 4. c3 e6 5. Nbd2 Nf6 6. Bd3 Bd6 7. O-O O-O 8. h3
$146 (8. e4 cxd4 9. cxd4 Nb4 10. Bb1 dxe4 11. Nxe4 Be7 12. Nxf6+ (12. Qb3 Nbd5
13. Bg5 b6 14. Nxf6+ Bxf6 15. Be3 Bb7 16. Be4 Qd6 17. Rac1 Rad8 18. Rfe1 Nxe3
19. Rxe3 Bxe4 20. Rxe4 Rc8 $15 {Chernikov,O-Sermek,D/Komercni Banka, Pardubice
CZE 1997/1/2-1/2 (53)}) 12... Bxf6 13. a3 Nc6 14. Be3 Qd6 15. Be4 Bd7 16. Qc2
h6 17. Rad1 Rac8 18. Qb1 Na5 19. d5 Ba4 $11 {Khalifman,A-Yudasin,L/Tilburg
1994/1/2-1/2(23)}) (8. Qe2 {Avrukh,B} e5 9. dxc5 Bxc5 10. e4 Re8 $146 (10...
Be6 11. b4 Bd6 12. Ng5 d4 13. Nxe6 fxe6 14. b5 dxc3 15. bxc6 cxd2 16. Bxd2 bxc6
17. Rac1 c5 18. Bc4 $44 {Kovacevic,V-Abramovic,B/JUG-ch 1984/1-0 (45)}) (10...
d4 $6 11. Nb3 Bb6 12. cxd4 Nxd4 (12... exd4 13. e5 {/\ Qe4 +/- Kovacevic,Vl})
13. Nbxd4 Bxd4 14. Nxd4 Qxd4 15. Be3 $16 {Kovacevic,Vl}) (10... dxe4 11. Nxe4
Be7 12. Rd1 Qc7 13. Nxf6+ Bxf6 14. Ng5 g6 15. Be3 $14 {Kovacevic,Vl}) 11. exd5
(11. b4 Bd6 12. b5 Ne7 13. c4 dxe4 (13... d4 14. Nb3 b6 15. a4 $13) 14. Nxe4
Nxe4 15. Bxe4 f5 16. c5 fxe4 17. Qc4+ Nd5 18. Qxd5+ Be6 19. Qxe4 Bxc5 20. Ng5
g6 21. Nxe6 $14 {Dzuban,O-Fedoseev/RUS-Cup5 1997/1-0 (72)}) 11... Nxd5 12. Ne4
Bb6 $6 (12... Bf8 $5 13. Bc4 Nb6) 13. Bc4 Nf4 (13... h6 14. Bxh6 $1) (13... f6
14. Rd1 Be6 15. Bxd5 Bxd5 16. c4) (13... Be6 14. Nfg5 $16) 14. Bxf4 exf4 15.
Nfg5 Qxg5 16. Nxg5 Rxe2 17. Bxe2 $18 {Vorotnikov,V-Chepukaitis,G/St
Petersburg-ch 1997/1-0(30)}) (8. dxc5 {Avrukh,B} Bxc5 9. e4 Bb6 (9... Qc7 10.
Qe2 b6 11. e5 $6 Ng4 12. Bxh7+ Kxh7 13. Ng5+ Kg8 14. Qxg4 Qxe5 $15 {
Parameswaran-Zarnicki/32nd Chess Olympiad, Yerevan 1996/0-1(28)}) 10. Qe2 Bc7
11. Bc2 Re8 12. Rd1 Qe7 13. c4 $2 d4 14. e5 Nd7 15. Ne4 $2 Bxe5 16. Nxe5 Ndxe5
$17 {Chemin,V-Szmetan,J/Copa Itau Mercosul, Sao Paulo BRA 1997/0-1 (45)}) 8...
e5 9. dxe5 $6 (9. dxc5 $142 Bxc5 10. e4 {-similar with 8.Qe2}) 9... Nxe5 10.
Nxe5 Bxe5 11. e4 Bc7 {[%cal Gd8d6]} 12. Re1 Re8 13. exd5 {White tries to get a
draw with higher rated opponent,but as usual it doesn't work this way.} Rxe1+
14. Qxe1 Qxd5 15. Bc4 Qc6 16. Qe2 (16. Nf3 $2 Bxh3 17. Bxf7+ Kxf7 18. Ng5+ Kg8
19. Nxh3 Re8 $17) 16... a6 17. a4 Bf5 18. Nf1 $2 (18. Qf3 $142 Qd7 (18... Qxf3
19. Nxf3 $14 {[%csl Rc5]}) 19. Nb3 (19. Qxb7 $4 Bh2+) 19... Bd6 $142 $11 (19...
Re8 20. Be3 b6 21. Bxa6 Be4 22. Bb5 $1 (22. Qe2 Qd6 $36) 22... Qd6 (22... Bxf3
23. Bxd7 Nxd7 24. gxf3 Ne5 25. Nd2 $16) 23. Qg3 Qe7 24. Qh4)) 18... Re8 $15 19.
Be3 Nd5 20. Qh5 g6 21. Qd1 Nb6 22. Qb3 Nxc4 {^^} 23. Qxc4 Bd6 24. Qh4 Be4 25.
Qg4 $4 (25. f3 Bd3 $17) 25... h5 {[%csl Rg2]} 26. Qg5 f6 27. Qh4 Bxg2 $19 28.
Ng3 Bf3 29. Re1 Kg7 30. a5 Qd7 31. Bd2 {[%tqu "En","Find the forced win for
black","","","d6g3","",5]} Bxg3 32. Qxg3 {[%tqu "En","","","","d7d2","",10]}
Qxd2 $1 33. Qc7+ Kh6 34. Rxe8 Qd1+ 35. Kh2 Qh1+ 36. Kg3 Qg2+ 37. Kf4 Qh2+ 0-1

[Event "Oberliga Bayern 9495"]
[Site "Bayern"]
[Date "1995.??.??"]
[Round "?.1"]
[White "Wockenfuss, Klaus"]
[Black "Mandl, Robert"]
[Result "1-0"]
[WhiteElo "2320"]
[BlackElo "2430"]
[Annotator "Bulletin"]
[PlyCount "71"]
[EventDate "1994.10.09"]
[EventType "team-tourn"]
[EventRounds "9"]
[EventCountry "GER"]
[SourceTitle "EXT 1999"]
[Source "ChessBase"]
[SourceDate "1998.11.16"]
[SourceVersion "1"]
[SourceVersionDate "1998.11.16"]
[SourceQuality "1"]
[WhiteTeam "Milbertshofen (SG Schwabing)"]
[BlackTeam "Regensburg Fortuna"]
[WhiteTeamCountry "GER"]
[BlackTeamCountry "GER"]

1. d4 Nf6 2. Nf3 e6 3. e3 c5 4. Bd3 d5 5. c3 Nc6 6. Nbd2 Qc7 7. O-O b6 8. e4
cxd4 9. cxd4 Nb4 10. Bb5+ Bd7 11. Bxd7+ Nxd7 12. a3 dxe4 13. axb4 exf3 14. Qxf3
Rd8 15. Ne4 Bxb4 16. Bf4 Qc4 17. Rxa7 Qd5 18. Nd6+ Ke7 19. Qxd5 exd5 20. h4 Ke6
21. Nb5 Kf5 22. g3 Rhe8 23. Bd6 Bd2 24. Rd1 Bh6 25. Kf1 Re6 26. Bc7 Rg8 27.
Nd6+ Kg6 28. g4 f6 29. Nf5 Rge8 30. Bg3 $5 (30. Bd6 $1 Rxd6 $8 (30... Nf8 31.
f4 $18) 31. Nxd6 $18) 30... Rd8 31. Kg2 b5 32. Kf3 (32. Nd6 $1 $18) 32... b4
33. Rb7 Kf7 34. Ra1 Ke8 35. Bc7 (35. g5 fxg5 36. hxg5 Bxg5 37. Nxg7+) 35... Rc8
36. Nd6+ 1-0

[Event "Reunion IBM op"]
[Site "Reunion"]
[Date "1997.??.??"]
[Round "3"]
[White "Legky, Nikolay A"]
[Black "Oms Pallisse, Josep"]
[Result "0-1"]
[WhiteElo "2530"]
[BlackElo "2450"]
[Annotator "Bulletin"]
[PlyCount "68"]
[EventDate "1997.??.??"]
[EventType "swiss"]
[EventRounds "9"]
[EventCountry "FRA"]
[SourceTitle "EXT 1998"]
[Source "ChessBase"]
[SourceDate "1997.11.17"]
[SourceVersion "1"]
[SourceVersionDate "1997.11.17"]
[SourceQuality "1"]

1. d4 Nf6 2. Nf3 e6 3. e3 c5 4. Bd3 Nc6 5. O-O d5 6. b3 Bd6 7. Bb2 Qc7 8. c4
dxc4 9. bxc4 O-O 10. Nc3 a6 11. d5 Ne7 12. dxe6 Bxe6 13. h3 Ng6 14. Ng5 Rad8
15. Qc2 Bd7 16. f4 Bc6 17. g3 h6 18. Nxf7 Qxf7 19. Bxg6 Qxc4 20. e4 Bb8 21.
Rad1 b5 22. e5 Nd5 23. e6 Ne7 24. Bf7+ Kh8 25. Rxd8 Rxd8 26. Rd1 Rd4 27. Rd2
Bc7 28. Ne2 Rxd2 29. Qxd2 Qe4 30. Kf2 Qg2+ 31. Ke1 {[#]} Bf3 32. Bxg7+ (32. Bc3
b4 $1 (32... Bxe2 $2 33. Bxg7+ $1 Kxg7 34. Qc3+ Kf8 (34... Kh7 35. Qc2+ Kg7 36.
Qc3+) 35. Qh8+ Ng8 36. Qxg8+ Ke7 37. Qe8+ Kf6 38. Qh8+ $11) 33. Bb2 Ba5 {
/\34...b3 35. Bc3 (Qxa5 Qxe2 mat) Bxc3 36.Nxc3 Qg1 mat}) 32... Kxg7 33. Qc3+
Kh7 34. Qd3+ Be4 {Car si 35.Qd7 Ba5+ 36.Kd1 Qf1 mat} 0-1

[Event "YUG-ch51 (Women)"]
[Site "Belgrade"]
[Date "1998.??.??"]
[Round "6"]
[White "Manakova, Maria"]
[Black "Kalevic, Sanja"]
[Result "1/2-1/2"]
[WhiteElo "2315"]
[BlackElo "2310"]
[Annotator "Bulletin"]
[PlyCount "77"]
[EventDate "1998.04.??"]
[EventType "tourn"]
[EventRounds "13"]
[EventCountry "YUG"]
[SourceTitle "EXT 1999"]
[Source "ChessBase"]
[SourceDate "1998.11.16"]
[SourceVersion "1"]
[SourceVersionDate "1998.11.16"]
[SourceQuality "1"]

1. d4 e6 2. Nf3 c5 3. e3 Nf6 4. Bd3 b6 5. O-O Bb7 6. b3 Be7 7. Bb2 O-O 8. Nbd2
d5 9. Qe2 Ne4 10. Rfd1 Nd7 11. c4 Qc7 12. Rac1 Rac8 13. Bb1 Nxd2 14. Nxd2 Nf6
15. cxd5 exd5 16. dxc5 bxc5 17. e4 dxe4 18. Nxe4 Nxe4 19. Bxe4 Bxe4 20. Qxe4
Bd6 21. g3 Rfe8 22. Qg4 Be5 23. Rd7 Qc6 24. Bxe5 Rxe5 25. Qf4 Re1+ 26. Rxe1
Qxd7 27. Qe5 h6 28. Re4 Qc6 29. Rg4 g6 30. Qe4 Qf6 31. Kg2 Qa6 32. Qc4 Qc6+ 33.
Qe4 Qa6 34. h4 h5 (34... Qxa2 $4 35. Rxg6+ fxg6 36. Qe6+ $18) 35. Rf4 Qd6 36.
Qc4 Rc7 37. Rf3 Qc6 38. Qf4 c4 39. bxc4 1/2-1/2

[Event "Sharjah FIDE GP (Women)"]
[Site "Sharjah"]
[Date "2014.08.27"]
[Round "3"]
[White "Danielian, Elina"]
[Black "Zhu, Chen"]
[Result "1-0"]
[WhiteElo "2490"]
[BlackElo "2461"]
[Annotator "CB"]
[PlyCount "65"]
[EventDate "2014.08.25"]
[EventType "tourn"]
[EventRounds "11"]
[EventCountry "UAE"]
[EventCategory "10"]
[SourceTitle "CBM 162"]
[Source "ChessBase"]
[SourceDate "2014.09.17"]
[SourceVersion "1"]
[SourceVersionDate "2014.09.17"]
[SourceQuality "1"]

{The game was roughly equal until Zhu Chen comitted the strange decision of
placing her knight on b8, away from the action. Danielian pounced and
established her own knight on e5, having a powerful steed that was also
locking her opponent's out of the game. Black's position collapsed
surprisingly quickly after that.} 1. d4 Nf6 2. Nf3 e6 3. e3 b6 4. Bd3 Bb7 5.
O-O d5 6. b3 Nbd7 7. Bb2 Be7 8. c4 O-O 9. Nbd2 Ne4 10. Rc1 Rc8 11. Qe2 a5 12.
Rfd1 f5 13. cxd5 exd5 14. Ba6 Bxa6 15. Qxa6 c6 16. Qe2 Bb4 17. Nf1 f4 18. Rc2
Nb8 $2 {It's hard to understand this move.} 19. exf4 Rxf4 20. Ng3 Nxg3 21. hxg3
Re4 22. Qd3 Qf6 23. Ne5 $16 {now the knight on b8 is dominated.} a4 24. a3 axb3
25. Qxb3 Ba5 $2 (25... Re1+ 26. Rxe1 Bxe1 27. Kf1 Ba5 28. Qxd5+ $1 $16 {
was also very ugly.}) 26. Rxc6 Nxc6 27. Qxd5+ Kh8 28. Qxe4 Nxe5 29. dxe5 Qe6
30. Qd5 Qxd5 31. Rxd5 Kg8 32. e6 Kf8 33. Rd7 1-0

[Event "EU-ch 20th"]
[Site "Skopje"]
[Date "2019.03.29"]
[Round "11"]
[White "Edouard, Romain"]
[Black "Huschenbeth, Niclas"]
[Result "0-1"]
[WhiteElo "2658"]
[BlackElo "2594"]
[Annotator "Edouard,R"]
[PlyCount "96"]
[EventDate "2019.03.18"]
[EventType "swiss"]
[EventRounds "11"]
[EventCountry "MKD"]
[Tiebreak "Sum of Buchholz"]
[SourceTitle "CBM 189"]
[Source "ChessBase"]
[SourceDate "2019.04.29"]
[SourceVersion "1"]
[SourceVersionDate "2019.04.29"]
[SourceQuality "1"]

1. d4 Nf6 2. Nf3 d5 3. e3 $5 e6 4. Bd3 c5 5. O-O Nc6 6. c3 $5 {An interesting
setup against that ...Nc6 system.} Be7 7. Nbd2 O-O 8. dxc5 Bxc5 9. b4 $1 Be7 $5
{A rare move. Usually Black retracts the bishop to d6.} (9... Bd6 10. Bb2 e5
11. e4 dxe4 (11... Bg4 12. Re1 $5 Bc7 (12... Re8 13. h3 Bh5 14. exd5 Nxd5 15.
Qc2 Nf6 16. b5 Na5 17. c4 Qc7 18. Rac1 $16 {½-½ (62) Richter,M (2505)
-Hertneck,G (2476) Berlin 2016}) 13. h3 Bh5 14. exd5 Qxd5 15. Ne4 Nxe4 16. Bxe4
Qxd1 17. Raxd1 $14 {0-1 (42) Artemiev,V (2695)-Ponkratov,P (2603) Sochi 2017})
12. Nxe4 Nxe4 13. Bxe4 Be6 (13... f5 14. Bd5+ Kh8 15. b5 Ne7 16. c4 $1 Nxd5 17.
Qxd5 e4 18. Rad1 Bc7 19. Qc5 Bb6 20. Qa3 Qe8 21. Ng5 h6 22. Rd6 $1 hxg5 23.
Qh3+ Kg8 24. Bxg7 $3 {is a great line given in Milos Pavlovic's book on the
Colle Attack.}) 14. Re1 Rc8 (14... Qe7 15. Qd3 h6 16. a3 Rfd8 17. Qe2 f6 18. c4
$14 {½-½ (37) Reinstadler,B-Berchtold,C corr. 2015.}) 15. a3 h6 16. Qe2 Re8
17. Rac1 (17. c4 $5) 17... Qc7 18. c4 Nd4 19. Bxd4 exd4 20. c5 Bf4 21. Rcd1 $14
{1-0 (40) Hillarp Persson,T (2549)-Karlsson,L (2506) Gothenburg 2006}) 10. Bb2
a6 $5 (10... b6 11. a3 Bb7 12. Qe2 Rc8 13. Rac1 Qc7 14. c4 Qb8 15. cxd5 Nxd5
16. Nc4 $14 (16. b5 $6 Na5 17. Ne5 Nf6 18. Ng4 Rxc1 19. Rxc1 Rc8 20. Nxf6+ Bxf6
21. Rxc8+ Qxc8 22. Bxf6 Qc1+ 23. Nf1 gxf6 24. Qg4+ Kf8 $11 {½-½ (44)
Westerberg,J (2534)-Brynell,S (2409) Malmo 2018}) (16. Ne4 $14)) ({After} 10...
e5 11. e4 {it is hard to justify ...Be7, as Black is under the b5 and Nxe5
threat.}) 11. a4 $1 (11. a3 $6 b5 $1 12. a4 Rb8 13. axb5 axb5 14. Qe2 Qb6 15.
Nd4 e5 $1 $15) 11... Bd7 12. e4 Qc7 13. Re1 dxe4 14. Nxe4 Nxe4 15. Bxe4 Bf6 $2
(15... Rfd8 {should be close to equal.}) 16. Qb1 $1 h6 17. c4 $1 {Suddenly
Black's position is a disaster.} Bxb2 18. Qxb2 Rfd8 19. Rac1 Ne7 20. b5 Be8 21.
Qb4 $2 (21. b6 $1 Qc8 (21... Qc5 $2 22. Bxb7 Rab8 23. Re5 $1 $18) 22. Qa3 $1
Nc6 23. a5 $1 {is close to a forced win:} Qd7 24. Bxc6 Qxc6 25. Ne5 Qc8 26. c5
f6 (26... Bc6 27. Rcd1 $1 $16) 27. Nc4 Bc6 28. Nd6 Qd7 29. f4 $16) 21... axb5
$1 (21... Rac8 22. b6 Qc5 23. Qxc5 Rxc5 24. Bxb7 Rb8 25. Bxa6 Rxb6 26. Bb5 $18)
22. axb5 $6 (22. cxb5 Qd6 {was what I had underestimated when I played 21.Qb4.}
) 22... Rac8 23. Nd2 (23. b6 Qc5 24. Qxc5 Rxc5 25. Bxb7 Rb8 $11 {Now there's
no hanging pawn on a6!}) 23... b6 (23... Bxb5 $1 24. cxb5 Qxc1 25. Rxc1 Rxc1+
26. Nf1 Rdd1 $11) 24. Nb3 Qd6 25. Qa4 f5 $2 (25... Nf5 $1 $11) 26. Bb7 $1 {
The game turns again to White's favour.} Rb8 (26... Rc7 27. Bf3 e5 $2 28. Rcd1
$18 {is the point of 26.Bb7.}) 27. c5 bxc5 28. Nxc5 e5 29. Ba6 (29. Qa6 e4 30.
f3 $1 $16) 29... e4 (29... Qf6 $5) 30. Nb7 Qd4 31. Qa3 $6 (31. Qb3+ $1 Bf7 32.
Qg3 Rf8 33. Red1 $40) 31... Rd7 32. Nc5 (32. Na5 $5 Qd6 $1 $132) 32... Rd6 33.
Qg3 $2 {Going nuts.} (33. Nb7 $11) 33... Rbb6 $1 34. Nb7 Rg6 35. Qb8 Rxg2+ 36.
Kxg2 Rg6+ 37. Kh1 Qxf2 38. Qxe8+ Kh7 39. Qxg6+ Nxg6 40. Rf1 Qd2 41. Rcd1 Qc2
42. Rc1 Qd2 43. Rcd1 Qg5 44. Rd7 $4 {Blundering Black's next move.} (44. b6 $1
{was saving the game:} Nh4 45. Rg1 Qh5 (45... Qe3 46. Rg3 Qxb6 47. Rd7 $8 Qf6
$8 $11) 46. Rdf1 e3 47. Nd6 e2 48. Rf2 $8 Qg6 $8 49. Bxe2 Qxd6 50. Rb1 $11)
44... Ne5 (44... e3 $2 45. b6 Qg4 46. Nc5 Nh4 (46... e2 47. Bxe2 Qxe2 48. Rg1
$11) 47. Bb7 e2 48. Rb1 $11) 45. Rg1 Ng4 46. Rg2 Qc1+ 47. Rg1 Nf2+ 48. Kg2 Qf4
0-1

[Event "EU-Cup 18th"]
[Site "Kallithea"]
[Date "2002.09.26"]
[Round "5.1"]
[White "Winants, Luc"]
[Black "Seitaj, Ilir"]
[Result "0-1"]
[WhiteElo "2504"]
[BlackElo "2406"]
[Annotator "Finkel,A"]
[PlyCount "66"]
[EventDate "2002.09.22"]
[EventType "team-swiss"]
[EventRounds "7"]
[EventCountry "GRE"]
[SourceTitle "CBM 092"]
[Source "ChessBase"]
[SourceDate "2003.02.06"]
[SourceVersion "1"]
[SourceVersionDate "2003.02.06"]
[SourceQuality "1"]
[WhiteTeam "Liege"]
[BlackTeam "Tirana Studenti"]
[WhiteTeamCountry "BEL"]
[BlackTeamCountry "ALB"]

1. d4 d5 2. Nf3 e6 3. e3 c5 4. b3 Nc6 5. Bd3 Nf6 6. O-O Be7 7. Bb2 O-O 8. Nbd2
b6 9. a3 {Taking necessary precautions against Nb4 before starting a play on
the kingside.} (9. Ne5 Bb7 10. f4 Nxe5 11. fxe5 Ne4 12. Bxe4 dxe4 13. Qg4 Rc8
14. c4 cxd4 15. Bxd4 $16 {[%csl Re4] Smyslov,V-Mariotti,S/Venice 1974}) 9...
Bb7 10. Qe2 (10. c4 cxd4 11. exd4 Rc8 12. Re1 Qd6 13. Rc1 dxc4 14. bxc4 Rfd8
15. Qe2 Bf8 $13 {Kovacevic,V-Zelic,Z/Makarska 1994}) 10... Rc8 (10... a5 11.
Ne5 Ne8 (11... a4 12. Bb5 Na7 13. bxa4 c4 14. Nb1 Ne4 15. f3 Nd6 16. Nc3 f6
$132 {[%csl Rb5] Keene,R-Andersson,U/Teeside 1972}) 12. f4 f5 13. g4 Nd6 14.
Qg2 Nxe5 15. dxe5 Ne4 16. Rad1 Qe8 17. gxf5 exf5 $132 {Yermolinsky,A-Shaked,T/
New York 1998}) (10... Nd7 11. c4 Bf6 12. Rac1 a6 13. Rc2 Qe7 14. Rfc1 Rfd8 15.
Re1 a5 16. cxd5 exd5 17. Qd1 Qd6 $11 {Petran,P-Monin,N/Budapest 1993}) 11. Ne5
Nd7 12. f4 f5 $5 {Logical move closing diagonal b1-h7 before taking on e5.} 13.
g4 (13. c4 Ndxe5 14. dxe5 Qc7 15. Rfd1 Rcd8 $13) 13... Ndxe5 14. fxe5 (14. dxe5
$5) 14... g6 15. Rf2 Rc7 16. Raf1 Bh4 $1 {[%cal Gc7g7] Bringing the rook to g7.
} 17. Rg2 Rg7 18. Nf3 Be7 19. c3 (19. Bc1 $5 {[%cal Gc1d2,Gd2e1,Ge1g3,Gg3f4]})
19... Na5 20. Bc2 Qc8 21. Rff2 Ba6 22. Qd1 Nc6 23. h4 {White is trying to
break through on the kingside, but black pieces take good defensive positions
so the position remains balanced.} (23. gxf5 gxf5 24. Rxg7+ Kxg7 25. Rg2+ Kh8
26. Ng5 Bxg5 27. Rxg5 Rg8 $11) 23... Rff7 24. gxf5 gxf5 25. Ng5 Bxg5 26. hxg5
Ne7 27. a4 Ng6 28. Rh2 Qd8 29. Rfg2 $6 {Inviting black to play f4!} (29. Qh5)
29... f4 $1 {[%csl Rg5][%cal Gf4f3] Why not?!} 30. Rxh7 f3 $1 31. Bxg6 $2 {
Decisive mistake. After correct} (31. Rxg7+ Kxg7 (31... Rxg7 32. Qxf3 Nh4 33.
Qf6 Qxf6 34. exf6 Nxg2 35. fxg7 Nxe3 36. Bb1 Kxg7 $11) 32. Bxg6 Kxg6 33. Rh2
Qxg5+ (33... Rf5 34. Kf2 Rxg5) 34. Kf2 Rg7 {[%cal Gg6f7]} 35. Qh1 (35. Qxf3 $2
Rf7 36. Rg2 Rxf3+ 37. Kxf3 Be2+ $1 38. Rxe2 Qh5+ 39. Kf2 Kf5 $17) 35... Be2 $15
{white could hold on even though it's pretty obvious that black is in charge
of the situation.}) 31... f2+ $1 $19 32. Rxf2 Qxg5+ 33. Rg2 Qxg2+ $1 0-1

[Event "Bundesliga 0203"]
[Site "Germany"]
[Date "2002.12.14"]
[Round "5.3"]
[White "Jirovsky, Milos"]
[Black "Dautov, Rustem"]
[Result "1-0"]
[WhiteElo "2457"]
[BlackElo "2617"]
[Annotator "Finkel,A"]
[PlyCount "143"]
[EventDate "2002.10.19"]
[EventType "team-tourn"]
[EventRounds "15"]
[EventCountry "GER"]
[SourceTitle "CBM 093"]
[Source "ChessBase"]
[SourceDate "2003.04.01"]
[SourceVersion "1"]
[SourceVersionDate "2003.04.01"]
[SourceQuality "1"]
[WhiteTeam "Forchheim"]
[BlackTeam "Baden Oos"]
[WhiteTeamCountry "GER"]
[BlackTeamCountry "GER"]

1. Nf3 {Hecht} Nf6 2. d4 e6 3. e3 b6 4. Bd3 d5 5. O-O Bd6 6. b3 O-O 7. Bb2 Bb7
8. Nbd2 Ne4 {Breaking the symmetry!} 9. Qe2 (9. c4 Nxd2 (9... Nd7 10. Qc2 (10.
Ne5 f6 11. Nxd7 Qxd7 12. Rc1 Rad8 13. Qc2 Nxd2 14. Qxd2 dxc4 15. bxc4 c5 $11 {
Brkljaca,A-Nun,J/Trnava 1984}) (10. Qe2 a6 11. Rfd1 f5 12. Ne5 Qe7 13. f4 g5
14. Rac1 gxf4 15. exf4 Ndf6 $13 {Sieg,M-Feick,S/Germany 1988/GER-chT2}) (10.
Rc1 f5 11. Bb1 Nxd2 12. Nxd2 dxc4 13. e4 $6 fxe4 14. Nxc4 Bf4 15. Rc3 b5 $15 {
Popchev,M-Miles,A/Moscow 1989}) 10... f5 11. Rad1 Qe8 12. Ne5 Bxe5 13. dxe5
Ndc5 14. Be2 Nxd2 15. Rxd2 Ne4 16. Rdd1 c5 $11 {Jensen,V-Andersen,J/
Snekkersten 1981}) 10. Nxd2 f5 11. f4 Nd7 12. Rc1 Qe7 13. Qe2 a5 14. cxd5 exd5
15. Nf3 Nf6 $11 {Colle,E-Canal,E/Budapest 1929}) (9. Ne5 Nxd2 10. Qxd2 f6 11.
Nf3 Nd7 12. Qe2 f5 13. c4 Qe7 14. Rac1 Rad8 15. Rc2 Kh8 16. Rfc1 dxc4 17. Bxc4
$14 {Henley,R-Miolo,E/Indonesia 1983}) 9... Nd7 10. Rfd1 (10. c4 Qf6 11. Rac1
Qh6 12. h3 f5 13. Ne5 Ndf6 14. cxd5 exd5 15. Nxe4 fxe4 16. Ba6 Bxa6 17. Qxa6 g5
18. Ba3 $14 {Rossetto,H-Reed Valenzuela,E/Mar del Plata 1944}) 10... f5 11. Ne5
Bxe5 12. dxe5 Nec5 {Dautov is looking for the possibilities to fight for a win
so he decides to keep the knight on dd7 trading the other one for the bishop.}
(12... Nxd2 13. Rxd2 Nc5) 13. f4 Nxd3 14. cxd3 c5 15. Qh5 a5 16. Nf3 Qe8 (16...
h6 17. Nh4 Qe8 18. Ng6 Rf7 $13) 17. Qxe8 Rfxe8 18. Bc3 b5 19. a3 $1 Rec8 20. d4
b4 $2 {Careless move after which black who seemed to be slightly better finds
himself in some sort of troubles.} (20... c4 21. b4 axb4 22. Bxb4 Nb6 23. Rdc1
Na4 24. Ra2 $11) 21. Be1 c4 {Sacrificing a pawn to simplify the position.} (
21... Ba6 $2 22. axb4 Be2 23. Rdc1 Bxf3 24. gxf3 axb4 25. Rxa8 Rxa8 26. dxc5
$18) (21... Ra6 $5 22. dxc5 Nxc5 23. Nd4 Rb6 24. axb4 axb4 25. Rdc1 Kf7 26. Ra7
$14 {[%csl Rb4]}) 22. axb4 axb4 (22... cxb3 23. bxa5 Ba6 24. Rdb1 Rab8 25. Ra3
Bc4 26. Nd2 Rc7 $14) 23. Bxb4 h6 {Covering square g5.} (23... cxb3 24. Rxa8
Rxa8 25. Rb1 Nb6 26. Rxb3 Nc4 27. Bc5 Bc8 28. h3 h6 29. g4 $16) 24. Nd2 cxb3
25. Nxb3 $16 {White is just a pawn up and despite of tenecios resistanse he
manageds to turn his material advantage into the point.} Kf7 26. Rxa8 Rxa8 27.
Na5 Ba6 28. Rc1 Rc8 29. Rc6 $1 Rxc6 30. Nxc6 {[%csl Re6][%cal Gc6d8]} Ke8 31.
Ba5 {Black knight is too passive on d7 so it's very importnat for white not to
let it to escape.} Bc8 32. Bc7 $1 {[%csl Rd7]} Nf8 33. Na5 Ba6 (33... Nd7 34.
Kf2 Ba6 35. Ke1 {[%cal Ge1b4]}) 34. Nb3 Nd7 35. Kf2 {The march of white king
to the queenside eventually decides the game.} Bc4 36. Na5 Ba6 37. Ke1 Nf8 38.
Kd2 Ng6 39. g3 $1 {[%csl Rg6] Taking necessary precautions against Nh4.} Nf8
40. Kc3 Nd7 41. Kb4 Ke7 42. Nc6+ Ke8 43. Na7 {[%cal Ga7b5,Gb4a5]} Be2 44. Nc8
Bf1 45. Ka5 {Hecht: '[#] Interessante Abwicklung in ein Endspiel mit
ungleichen Läufern durch Einkreisung des schwarzen Springers.'} Be2 46. Nd6+
Ke7 47. Nb7 {'!' Hecht.} Ke8 $6 (47... h5 $5) 48. Bd6 Bf1 (48... Bh5 49. Nc5 $1
Bf7 50. Ka6 Kd8 51. Kb7 h5 52. Kc6 Nxc5 53. dxc5 Kc8 54. Be7 Be8+ 55. Kd6 Bf7
56. Bg5 $18) (48... Nf8 {Hecht} 49. Nc5 {[%csl Re6]}) 49. Nc5 $1 $18 {
Transposition to opposite colored bishops endgame proves to be fastest way to
the win.} Nxc5 50. dxc5 {Hecht: '[#] Aus dem bislang kaum erkennbaren weißen
Mehrbauern ist ein echter geworden. Der Freibauer bindet den schwarzen König,
wonach die Bauernschwächen e6 und g7/h6 fühlbar werden.'} d4 $8 (50... Kd7 {
Hecht} 51. Kb6 g6 52. c6+ Kc8 53. Bb4 Be2 54. Kc5 Bd1 55. Kd6 Bb3 56. Kxe6 d4+
57. Kf6 dxe3 58. Kxg6 $18) 51. exd4 Bg2 (51... g6 {Hecht} 52. d5 Bc4 53. dxe6
Bxe6 54. c6 Kd8 55. Kb6 Kc8 56. Bb4 h5 57. Kc5 Kc7 58. Ba5+ Kc8 59. Kd6 Bf7 60.
e6 Be8 61. c7 Ba4 62. Ke7 Bb3 63. Kf6 $18) 52. Kb6 Kd7 53. Bf8 {3 extra pawns
is way to many to handle.} h5 54. Bxg7 Bd5 {Hecht: '[#] Um die Blockade zu
erreichen, musste Schwarz einen dritten Bauern opfern.'} 55. Bh6 Bg2 56. Bg5
Bd5 57. h3 Be4 (57... Bg2 {Hecht} 58. Bh4 Bxh3 59. c6+ Kc8 60. d5 $18) 58. Bh4
Bd5 {Hecht: 'Es folgt der entscheidende Durchbruch unter Opfer zweier Bauern.
Während die schwarzen Freibauern wertlos sind, entscheidet für Weiß nicht der
Zugzwang, sondern die Überlastung der schwarzen Figuren gegen die verbundenen
weißen Freibauern..'} 59. g4 $1 hxg4 60. hxg4 fxg4 61. f5 exf5 62. Bg3 $1 {
Black pawns are blocked while white's trio is just about to start an advance.}
Ke6 63. c6 Be4 64. Kc5 Bd5 65. c7 Bb7 66. d5+ Kd7 67. e6+ Ke7 68. Bh4+ Ke8 69.
d6 Bc8 70. d7+ Bxd7 71. exd7+ Kxd7 72. Bg3 1-0